Die besten JetPunk-Quizmacher - Statistiken

Allgemein
  • Dieses Quiz wurde 4 mal gespielt
  • Das Durchschnittsergebnis liegt bei 1 aus 20
Antwortstatistiken
# Benutzer Angenommene Tests
(in Millionen)
% Korrekt
7. Gassu 14.3
67%
1. Stewart 36.1
33%
16. Aaron197 4.9
0%
9. ArjayPL 7.9
0%
10. Elboy 6.7
0%
6. Gamer1162 15.3
0%
4. Jerry928 20.7
0%
20. Jiaozira 4
0%
13. kiwirage 5
0%
8. KoljiVriVoda 10.6
0%
17. LBA 4.7
0%
15. miki2003 5
0%
18. Overtired 4.5
0%
3. Quizzer6794 26
0%
2. relessness 33.7
0%
5. scambigol 18.7
0%
19. skukka 4.3
0%
11. Vicky 5.6
0%
14. WolfCam 5
0%
12. youtubeplayer 5.4
0%
Keine übereinstimmenden Quizze gefunden
Verteilung der Resultate
Anzahl Personen mit jedem Resultat
Perzentil nach korrekt beantworteten Fragen
Ihre Resultats-Entwicklung
Sie haben dieses Quiz noch nicht gespielt